Bailey’s industrial oil & fat products (vol.1)
The sixth edition of Bailey provides a comprehensive description of topics rele-vant to the oils and fats industry in six volumes as compared with five volumes in the fifth edition. The addition volume is mainly on specialty oils and fats and their by products or minor components as well as on thos...
Na minha lista:
| Autor principal: | |
|---|---|
| Formato: | Livro |
| Idioma: | Undetermined |
| Publicado em: |
Hoboken, N.J.
John Wiley & Sons
2005
|
| Assuntos: | |
| Tags: |
Adicionar Tag
Sem tags, seja o primeiro a adicionar uma tag!
|
| Thư viện lưu trữ: | Trung tâm Học liệu Trường Đại học Cần Thơ |
|---|
| LEADER | 00915nam a2200205Ia 4500 | ||
|---|---|---|---|
| 001 | CTU_132809 | ||
| 008 | 210402s9999 xx 000 0 und d | ||
| 020 | |c 4634000 | ||
| 082 | |a 665.2 | ||
| 082 | |b B155/Vol.1 | ||
| 100 | |a Bailey, Alton Edward | ||
| 245 | 0 | |a Bailey’s industrial oil & fat products (vol.1) | |
| 245 | 0 | |c edited by Fereidoon Shahidi | |
| 260 | |a Hoboken, N.J. | ||
| 260 | |b John Wiley & Sons | ||
| 260 | |c 2005 | ||
| 520 | |a The sixth edition of Bailey provides a comprehensive description of topics rele-vant to the oils and fats industry in six volumes as compared with five volumes in the fifth edition. The addition volume is mainly on specialty oils and fats and their by products or minor components as well as on those of low-calorie fat substitutes and structured lipid.... | ||
| 650 | |a Oils and fats | ||
| 904 | |i Năm | ||
| 980 | |a Trung tâm Học liệu Trường Đại học Cần Thơ | ||